| 000 | 00793nam a2200229Ia 4500 | ||
|---|---|---|---|
| 003 | GCL | ||
| 008 | 140319s9999 xx 000 0 ara d | ||
| 040 |
_aGCL / _cGCL |
||
| 082 | 0 | 4 |
_a234 _bب ص |
| 100 | 1 | _aشعيب الارنؤوط | |
| 245 | 1 | 0 |
_aصحيح ابن حبان بترتيب ابن بلبان / _cشعيب الارنؤوط |
| 700 | 1 | _aابن بلبان : علاء الدين على بن عبدالله الفارسى | |
| 300 | _aمتعدد | ||
| 490 | _a | ||
| 650 | 0 | 4 | _aالحديث، علوم |
| 650 | 0 | 4 | _aعلم الجرح والتعديل |
| 650 | 0 | 4 | _aطبقات رواة الحديث وحفاظه |
| 650 | 0 | 4 | _aابن حبان، ابو حاتم |
| 650 | 0 | 4 | _aالحديث - اسناد |
| 650 | 0 | 4 | _aالحديث - الجرح والتعديل |
| 942 |
_2ddc _cBK |
||
| 999 |
_c38798 _d38798 |
||